UBT Library

Essays in positive economics / (Record no. 39623)

000 -LEADER
fixed length control field 00570cam a22002291a 4500
001 - CONTROL NUMBER
control field 9785826
005 - DATE AND TIME OF LATEST TRANSACTION
control field 20180103043806.0
008 - FIXED-LENGTH DATA ELEMENTS--GENERAL INFORMATION
fixed length control field 940202r19531964ilu 000 0 eng
010 ## - LIBRARY OF CONGRESS CONTROL NUMBER
LC control number 53003533
015 ## - NATIONAL BIBLIOGRAPHY NUMBER
National bibliography number GB54-43
035 ## - SYSTEM CONTROL NUMBER
System control number (OCoLC)29737163
040 ## - CATALOGING SOURCE
Original cataloging agency DLC
Transcribing agency LMN
Modifying agency ODaWU
-- OCoLC
-- Uk
-- DLC
041 ## - LANGUAGE CODE
Language code of text/sound track or separate title eng
042 ## - AUTHENTICATION CODE
Authentication code premarc
080 ## - UNIVERSAL DECIMAL CLASSIFICATION NUMBER
Universal Decimal Classification number 330.4
082 ## - DEWEY DECIMAL CLASSIFICATION NUMBER
Classification number 330.4 FRI
100 1# - Rafti
Rafti 52
101 ## - Shkurtesa
Shkurtesa EKO
245 10 - TITLE STATEMENT
Title Essays in positive economics /
Statement of responsibility, etc by Milton Friedman.
906 ## - LOCAL DATA ELEMENT F, LDF (RLIN)
a 7
b cbc
c oclcrpl
d u
e ncip
f 19
g y-gencatlg
942 ## - ADDED ENTRY ELEMENTS (KOHA)
Source of classification or shelving scheme
Item type Books
Holdings
Withdrawn status Lost status Source of classification or shelving scheme Damaged status Not for loan Collection code Permanent location Current location Shelving location Date acquired Total Checkouts Full call number Barcode Date last seen Price effective from Koha item type
          Koleksioni i përgjithshem UBT - Lipjan UBT - Lipjan Koleksioni i përgjithshem 01/03/2018   330.4 FRI 002-2994212 01/03/2018 01/03/2018 Books
UBT Library © 2015-2024. All rights reserved University Education for Business and Technology